Science Quiz

Random Science or Clickable Quiz

Earth Science Terminology Quiz Stats

 Plays Quiz Updated Oct 30, 2017

Score 0/24 Timer 06:00
4 Plays Today
% Correct
Iceberg
97.3%
Aftershock
95.8%
Northern Hemisphere
95.8%
Tropical rain forest
92.4%
Geothermal energy
92.2%
Salinity
92.1%
Geyser
91.7%
Erosion
90.6%
Topography
90.2%
Desalination
89.5%
Earth's axis of rotation
88.6%
Fault
88.5%
% Correct
Dune
87.7%
Biomass
85.1%
Swells
83.5%
Shale
82.5%
Plankton
82.1%
Coral
81.3%
Terrestrial globe
79.3%
Caldera
70.4%
Aquifer
65.8%
Moor
64.4%
Kettle
59.1%
Guyot
58.1%

You're not logged in!

Compare scores with friends on all Sporcle quizzes.
OR
Log In

You Might Also Like...

Show Comments

Extras

Top Quizzes Today


Score Distribution

Your Account Isn't Verified!

In order to create a playlist on Sporcle, you need to verify the email address you used during registration. Go to your Sporcle Settings to finish the process.

Report this User

Report this user for behavior that violates our Community Guidelines.

Details: